Why bother with mission? / (Record no. 1836)
[ view plain ]
| 000 -LEADER | |
|---|---|
| fixed length control field | 00579cam a22002177a 4500 |
| 001 - CONTROL NUMBER | |
| control field | 3926249 |
| 003 - CONTROL NUMBER IDENTIFIER | |
| control field | GBCCL |
| 005 - DATE AND TIME OF LATEST TRANSACTION | |
| control field | 20241126110410.0 |
| 008 - FIXED-LENGTH DATA ELEMENTS--GENERAL INFORMATION | |
| fixed length control field | 960227s1996 enka 000|0 eng d |
| 020 ## - INTERNATIONAL STANDARD BOOK NUMBER | |
| International Standard Book Number | 0851111696 |
| 035 ## - SYSTEM CONTROL NUMBER | |
| System control number | (OCoLC)ocn686444096 |
| 035 ## - SYSTEM CONTROL NUMBER | |
| System control number | 3926249 |
| 040 ## - CATALOGING SOURCE | |
| Original cataloging agency | CtY-D |
| Transcribing agency | CtY-D |
| 082 ## - DEWEY DECIMAL CLASSIFICATION NUMBER | |
| Classification number | 266 |
| Item number | GAU |
| 100 1# - MAIN ENTRY--PERSONAL NAME | |
| Personal name | Gaukroger, Stephen. |
| 9 (RLIN) | 3842 |
| 245 10 - TITLE STATEMENT | |
| Title | Why bother with mission? / |
| Statement of responsibility, etc. | Stephen Gaukroger. |
| 260 ## - PUBLICATION, DISTRIBUTION, ETC. | |
| Place of publication, distribution, etc. | Leicester : |
| Name of publisher, distributor, etc. | Inter-Varsity, |
| Date of publication, distribution, etc. | c1996. |
| 300 ## - PHYSICAL DESCRIPTION | |
| Extent | 159 p. : |
| Other physical details | ill. ; |
| Dimensions | 20 cm. |
| 650 #0 - SUBJECT ADDED ENTRY--TOPICAL TERM | |
| Topical term or geographic name entry element | Evangelistic work. |
| 9 (RLIN) | 290 |
| 942 ## - ADDED ENTRY ELEMENTS (KOHA) | |
| Source of classification or shelving scheme | Dewey Decimal Classification |
| Koha item type | Books |
| Koha issues (borrowed), all copies | 1 |
| Withdrawn status | Lost status | Source of classification or shelving scheme | Damaged status | Not for loan | Home library | Current Library | Shelving location | Date acquired | Total checkouts | Full call number | Barcode | Date last seen | Date last checked out | Copy number | Price effective from | Koha item type |
|---|---|---|---|---|---|---|---|---|---|---|---|---|---|---|---|---|
| Dewey Decimal Classification | GRACE BIBLE COLLEGE | GRACE BIBLE COLLEGE | Ministry & Mission | 2017-05-26 | 1 | 266 GAU | 002304 | 2022-07-19 | 2022-07-12 | c.1 | 2017-05-26 | Books |